[Event "Nuremberg Zabo op 20th"]
[Site "Nuremberg"]
[Date "2018.09.15"]
[Round "3"]
[White "Ott, Juan Luis"]
[Black "Albayrak, Melissa"]
[Result "0-1"]
[WhiteElo "1324"]
[BlackElo "1089"]
[PlyCount "34"]
[EventDate "2018.09.15"]
[EventType "swiss"]
[EventRounds "5"]
[EventCountry "GER"]
[SourceTitle "EXT 2020"]
[Source "ChessBase"]
[SourceDate "2019.10.17"]
[SourceVersion "1"]
[SourceVersionDate "2019.10.17"]
[SourceQuality "1"]

1. d4 d5 2. Nf3 Nc6 3. Bf4 Nf6 4. e3 Bf5 5. Bb5 e6 6. Ne5 a6 7. Nxc6 bxc6 8. Bxc6+ Nd7 9. Bxa8 Qxa8 10. 0-0 Qb7 11. b3 Qc6 12. c3 Bd6 13. Bxd6 Qxd6 14. Qc1 0-0 15. Nd2 Nf6 16. c4 Ng4 17. h3 Qh2# 0-1

[Event "Nuremberg Zabo op 18th"]
[Site "Nuremberg"]
[Date "2016.09.18"]
[Round "5"]
[White "Ott, Juan Luis"]
[Black "Albayrak, Berrak"]
[Result "1-0"]
[WhiteElo "1358"]
[BlackElo "1126"]
[PlyCount "113"]
[EventDate "2016.09.16"]
[EventType "swiss"]
[EventRounds "5"]
[EventCountry "GER"]
[SourceTitle "EXT 2018"]
[Source "ChessBase"]
[SourceDate "2017.10.13"]
[SourceVersion "1"]
[SourceVersionDate "2017.10.13"]
[SourceQuality "1"]

1. d4 d5 2. Nf3 Nf6 3. Bf4 Bf5 4. e3 a6 5. c4 c6 6. cxd5 cxd5 7. Nc3 e6 8. a3 Bd6 9. Bg5 Nbd7 10. Bd3 h6 11. Bh4 Bg6 12. 0-0 0-0 13. Qc2 Bxd3 14. Qxd3 Be7 15. Ne2 Qc7 16. Rac1 Qd8 17. Bg3 Ng4 18. h3 Ngf6 19. Ne5 Ne4 20. Nxd7 Qxd7 21. Rc7 Qd8 22. Rxb7 Nxg3 23. Nxg3 Bf6 24. Rc1 e5 25. dxe5 Bxe5 26. f4 Bf6 27. Rd1 Re8 28. Nf1 Re7 29. Rxe7 Qxe7 30. Qxd5 Re8 31. b4 Rd8 32. Qxd8+ Qxd8 33. Rxd8+ Bxd8 34. a4 Kf8 35. Kf2 Ke7 36. Ke2 Kd6 37. Kd3 Kc6 38. Kc4 g6 39. e4 Bc7 40. f5 gxf5 41. exf5 h5 42. b5+ Kb6 43. g4 hxg4 44. hxg4 f6 45. Ne3 a5 46. Nd5+ Kb7 47. Nxc7 Kxc7 48. Kc5 Kb7 49. Kd6 Kb6 50. Ke6 Kc5 51. Kxf6 Kb4 52. Ke5 Kxa4 53. f6 Kb4 54. f7 a4 55. f8Q+ Ka5 56. Qa3 Kb6 57. Kd6 1-0

[Event "Nuremberg Zabo op 17th"]
[Site "Nuremberg"]
[Date "2015.09.21"]
[Round "1"]
[White "Ott, Juan Luis"]
[Black "Klein, Waldemar"]
[Result "0-1"]
[WhiteElo "1315"]
[BlackElo "1833"]
[PlyCount "94"]
[EventDate "2015.09.21"]
[EventType "swiss"]
[EventRounds "5"]
[EventCountry "GER"]
[SourceTitle "EXT 2018"]
[Source "ChessBase"]
[SourceDate "2017.10.13"]
[SourceVersion "1"]
[SourceVersionDate "2017.10.13"]
[SourceQuality "1"]

1. d4 g6 2. Nf3 Bg7 3. Bf4 Nf6 4. e3 0-0 5. c4 d6 6. Nc3 c6 7. h3 Nbd7 8. Bd3 Re8 9. Bc2 Qc7 10. Qd3 e5 11. dxe5 dxe5 12. Bg3 Qb6 13. Na4 Qb4+ 14. Qc3 Qe7 15. b3 e4 16. Nd4 Nh5 17. c5 Nxg3 18. fxg3 Be5 19. Ke2 Bxg3 20. Rhf1 Nf6 21. Nxc6 bxc6 22. Qxf6 Qxf6 23. Rxf6 Be5 24. Rff1 Ba6+ 25. Kd2 Bxf1 26. Rxf1 Rad8+ 27. Ke2 f5 28. g4 Rf8 29. gxf5 gxf5 30. Rg1+ Kf7 31. Rg5 Kf6 32. Rg1 Rg8 33. Rxg8 Rxg8 34. Kf2 Rg3 35. b4 Rxh3 36. Bb3 Rh2+ 37. Kf1 h5 38. Bc4 h4 39. b5 cxb5 40. Bxb5 Rxa2 41. c6 h3 42. Nc3 Ra1+ 43. Kf2 h2 44. Nd5+ Kg5 45. Nf4 h1Q 46. Ne6+ Kf6 47. Nf4 Qf3# 0-1

[Event "Nuremberg Zabo op 17th"]
[Site "Nuremberg"]
[Date "2015.09.21"]
[Round "2"]
[White "Weidenhoefer, Robert"]
[Black "Ott, Juan Luis"]
[Result "1-0"]
[WhiteElo "1632"]
[BlackElo "1315"]
[PlyCount "85"]
[EventDate "2015.09.21"]
[EventType "swiss"]
[EventRounds "5"]
[EventCountry "GER"]
[SourceTitle "EXT 2018"]
[Source "ChessBase"]
[SourceDate "2017.10.13"]
[SourceVersion "1"]
[SourceVersionDate "2017.10.13"]
[SourceQuality "1"]

1. b3 d5 2. Bb2 f6 3. e3 e5 4. c4 dxc4 5. Bxc4 Bb4 6. a3 Ba5 7. b4 Bb6 8. Qb3 Ne7 9. Bf7+ Kf8 10. Ne2 c6 11. Nbc3 Nf5 12. Rd1 Qe7 13. Bh5 Be6 14. Qc2 g6 15. Bg4 Qf7 16. Nc1 Nd6 17. Bxe6 Qxe6 18. Na4 Nd7 19. 0-0 Qc4 20. Qd3 Qxd3 21. Nxd3 Nc4 22. Bc1 Rd8 23. f4 Bc7 24. Ndc5 Nxc5 25. Nxc5 Ke7 26. Nxb7 Rd3 27. fxe5 fxe5 28. Nc5 Rdd8 29. d3 Nd6 30. e4 Rhf8 31. Bg5+ Ke8 32. Rxf8+ Kxf8 33. Ne6+ Ke8 34. Nxc7+ Kd7 35. Bxd8 Kxd8 36. Ne6+ Ke7 37. Nc5 Nb5 38. Kf2 Nxa3 39. Ra1 Nb5 40. Kg3 Kf6 41. Ra6 Kg5 42. Rxc6 Nc3 43. Ne6+ 1-0

[Event "Nuremberg Zabo op 16th"]
[Site "Nuremberg"]
[Date "2014.09.19"]
[Round "1"]
[White "Koerber, Christian"]
[Black "Ott, Juan Luis"]
[Result "1-0"]
[WhiteElo "1807"]
[BlackElo "1361"]
[PlyCount "117"]
[EventDate "2014.09.19"]
[EventType "swiss"]
[EventRounds "5"]
[EventCountry "GER"]
[SourceTitle "EXT 2018"]
[Source "ChessBase"]
[SourceDate "2017.10.13"]
[SourceVersion "1"]
[SourceVersionDate "2017.10.13"]
[SourceQuality "1"]

1. b3 d5 2. Bb2 Nc6 3. e3 a6 4. Nf3 Bg4 5. h3 Bh5 6. c4 dxc4 7. Bxc4 e6 8. 0-0 Nf6 9. d4 Be7 10. Nc3 0-0 11. d5 exd5 12. Nxd5 Nxd5 13. Qxd5 Qxd5 14. Bxd5 Rab8 15. Bxc6 bxc6 16. g4 Bg6 17. Ne5 Bf6 18. Nxg6 hxg6 19. Bxf6 gxf6 20. Rac1 Rb6 21. Rfd1 Rc8 22. Rc5 Re8 23. Rd7 Rc8 24. Rd4 Re8 25. Kf1 Kf8 26. Ke2 Ke7 27. h4 Rh8 28. h5 g5 29. Kd3 Ke6 30. Ke4 Re8 31. Rdc4 Kd6+ 32. Kf5 Rh8 33. Kxf6 Rh7 34. Kxg5 Rb5 35. Rxb5 cxb5 36. Rd4+ Ke6 37. Re4+ Kd6 38. Kf6 c5 39. f4 Kd5 40. Re5+ Kc6 41. g5 c4 42. bxc4 bxc4 43. Re8 Kb5 44. g6 fxg6 45. hxg6 Rc7 46. g7 Rxg7 47. Kxg7 c3 48. Rc8 Kb4 49. f5 a5 50. f6 a4 51. f7 Ka3 52. Rxc3+ Kxa2 53. Rc8 a3 54. Ra8 Kb2 55. f8Q a2 56. Qa3+ Kc2 57. Qxa2+ Kc1 58. Rb8 Kd1 59. Rb1# 1-0

[Event "Nuremberg Zabo op 15th"]
[Site "Nuremberg"]
[Date "2013.09.20"]
[Round "1"]
[White "Osuna Sanchez, Infante Raul"]
[Black "Ott, Juan Luis"]
[Result "1-0"]
[WhiteElo "1855"]
[BlackElo "1415"]
[PlyCount "51"]
[EventDate "2013.09.20"]
[EventType "swiss"]
[EventRounds "5"]
[EventCountry "GER"]
[SourceTitle "EXT 2016"]
[Source "ChessBase"]
[SourceDate "2015.10.08"]
[SourceVersion "1"]
[SourceVersionDate "2015.10.08"]
[SourceQuality "1"]

1. e4 e5 2. Nf3 Nc6 3. Nc3 Bb4 4. Bb5 Nf6 5. 0-0 0-0 6. d3 d6 7. Bg5 Bg4 8. Nd5 Ba5 9. h3 Be6 10. Nxf6+ gxf6 11. Bh6 Re8 12. Nh4 Kh8 13. Bxc6 bxc6 14. Nf5 Rg8 15. Qh5 Bxf5 16. exf5 Qd7 17. c3 Rab8 18. b4 Bb6 19. Rfe1 a5 20. Re4 axb4 21. Rh4 bxc3 22. Bf8 Bxf2+ 23. Kxf2 Rb2+ 24. Kf1 Rg7 25. Bxg7+ Kxg7 26. Qh6+ 1-0

[Event "Nuremberg Zabo op 12th"]
[Site "Nuremberg"]
[Date "2010.09.19"]
[Round "5"]
[White "Narr, Irmgard"]
[Black "Ott, Juan Luis"]
[Result "1-0"]
[WhiteElo "1600"]
[BlackElo "1388"]
[PlyCount "49"]
[EventDate "2010.09.17"]
[EventType "swiss"]
[EventRounds "5"]
[EventCountry "GER"]
[SourceTitle "EXT 2011"]
[Source "ChessBase"]
[SourceDate "2010.11.26"]
[SourceVersion "1"]
[SourceVersionDate "2010.11.26"]
[SourceQuality "1"]

1. e4 e5 2. Nf3 Nc6 3. d4 f6 4. Bc4 exd4 5. Nxd4 Bb4+ 6. c3 Bc5 7. Nxc6 dxc6 8. Qh5+ g6 9. Qxc5 Bd7 10. Bxg8 Rxg8 11. Qc4 Rg7 12. Bh6 b5 13. Qd4 Rf7 14. Nd2 Qe7 15. 0-0 c5 16. Qe3 g5 17. f4 g4 18. e5 f5 19. Nb3 c4 20. Nc5 Bc6 21. Rad1 Qh4 22. Bg5 Qh5 23. e6 Rg7 24. Nd7 h6 25. Nf6+ 1-0